00587nam a22001697a 450000500170000002000260001703700150004310000200005824501210007826000230019927000800022230000230030265000210032570000370034694200170038399900170040020130805115248.0 a9789350750476c695.00 bKKP/vender aSharma, Surabhi aArihant UGC NET/SET (JRF & LS) computer science & applications /c by Suabhi Sharma & Kailash Chandra GururanihENG aNew DelhibArihanr a4577/15, Agarwal Road, Darya GanjbNew Delhie110002minfo@arihantbooks.com a1127p :c26cm(pbk) aComputer science aGururani, Kailash Chandra924504 2ddccENmSHA c78350d78350